000
00270nam a2200097Ia 4500
008
220204s9999 xx 000 0 und d
082
_b
IND
245
0
_a
Indian scientific and technical publications 1960-65: A bibliography
260
_a
New Delhi
_b
CSIR
_c
1966
942
_c
BK
999
_c
20704
_d
20704